[Event "Chigorin Memorial 31st"]
[Site "St Petersburg"]
[Date "2024.10.28"]
[Round "3"]
[White "Yusupova, Adel"]
[Black "Belokhvostik, Alexandr"]
[Result "0-1"]
[WhiteElo "1914"]
[BlackElo "1642"]
[PlyCount "92"]
[EventDate "2024.10.26"]
[EventType "swiss"]
[EventRounds "9"]
[EventCountry "RUS"]
[SourceTitle "CB45_2024"]
[Source "ChessBase"]
[SourceDate "2024.11.06"]
[SourceVersion "1"]
[SourceVersionDate "2024.11.06"]
[SourceQuality "1"]

1. d4 Nf6 2. c4 c5 3. d5 b5 4. cxb5 a6 5. bxa6 Bxa6 6. Nc3 d6 7. g3 Nbd7 8. Bg2 g6 9. Nf3 Bg7 10. 0-0 0-0 11. Rb1 Qb6 12. b3 Rfb8 13. Qc2 Ng4 14. h3 Nge5 15. Nxe5 Bxe5 16. a4 Bd4 17. Kh2 Qa7 18. f4 c4 19. b4 Rc8 20. a5 Rab8 21. f5 Ne5 22. Bh6 Bb5 23. f6 exf6 24. Ne4 f5 25. Nxd6 Rd8 26. Nxb5 Rxb5 27. Bg5 Re8 28. Qa4 Reb8 29. d6 c3 30. e4 fxe4 31. Bxe4 Ng4+ 32. hxg4 Rxg5 33. b5 Qc5 34. Rbd1 Be5 35. d7 Rd8 36. Qa2 Rxg4 37. Qxf7+ Kh8 38. Rf3 c2 39. Rc1 Qxb5 40. Qe8+ Rxe8 41. dxe8Q+ Qxe8 42. Rxc2 Bxg3+ 43. Rxg3 Rh4+ 44. Kg1 Qxe4 45. Rc8+ Kg7 46. Rc7+ Kh6 0-1

[Event "Chigorin Memorial 31st"]
[Site "St Petersburg"]
[Date "2024.10.26"]
[Round "1"]
[White "Yusupova, Adel"]
[Black "Bazhenkov, Mikhail"]
[Result "1-0"]
[WhiteElo "1914"]
[BlackElo "1573"]
[PlyCount "76"]
[EventDate "2024.10.26"]
[EventType "swiss"]
[EventRounds "9"]
[EventCountry "RUS"]
[SourceTitle "CB45_2024"]
[Source "ChessBase"]
[SourceDate "2024.11.06"]
[SourceVersion "1"]
[SourceVersionDate "2024.11.06"]
[SourceQuality "1"]

1. d4 Nf6 2. c4 g6 3. g3 Bg7 4. Bg2 0-0 5. Nc3 d6 6. Nf3 c6 7. e4 e5 8. 0-0 exd4 9. Nxd4 Ne8 10. Be3 Be6 11. b3 h6 12. Qc2 c5 13. Nde2 Nc6 14. Rad1 Qe7 15. Qc1 Kh7 16. f4 f5 17. exf5 Bxf5 18. Nd5 Qe6 19. Rfe1 Be4 20. Bxe4 Qxe4 21. Bf2 Qf3 22. Qb1 Nf6 23. Rd3 Qh5 24. Nxf6+ Rxf6 25. Nc3 Nb4 26. Rde3 Qg4 27. Kh1 Raf8 28. Qd1 Qf5 29. Ne4 Re6 30. Nxd6 Rxd6 31. Qxd6 Nc2 32. Re5 Qg4 33. Qd5 Nxe1 34. Rxe1 Rf5 35. Qxb7 Rf8 36. Bxc5 Qf5 37. Bxf8 Qxf8 38. Re7 Qd8 1-0

[Event "RUS-chT Rapid (Women)"]
[Site "Sochi"]
[Date "2023.10.18"]
[Round "4.16"]
[White "Timofeeva, Ekaterina"]
[Black "Yusupova, Adel"]
[Result "1-0"]
[WhiteElo "2294"]
[BlackElo "1640"]
[PlyCount "71"]
[EventDate "2023.10.18"]
[EventType "team-swiss (rapid)"]
[EventRounds "9"]
[EventCountry "RUS"]
[SourceTitle "CBM 216 Extra"]
[Source "ChessBase"]
[SourceDate "2023.11.30"]
[SourceVersion "1"]
[SourceVersionDate "2023.11.30"]
[SourceQuality "1"]
[WhiteTeam "Novosibirsk Region (W)"]
[BlackTeam "Bashkortostan (W)"]
[WhiteTeamCountry "RUS"]
[BlackTeamCountry "RUS"]

1. Nf3 Nf6 2. g3 d5 3. Bg2 Bf5 4. c4 d4 5. d3 c5 6. b4 Nc6 7. b5 Na5 8. Qa4 Bd7 9. Bd2 b6 10. Ne5 Rc8 11. Bxa5 bxa5 12. Nd2 e6 13. Nb3 Bd6 14. Nc6 Qc7 15. Qxa5 Qxa5+ 16. Nbxa5 Rc7 17. 0-0 0-0 18. a4 e5 19. Rfb1 Bg4 20. Rb2 Nd7 21. Nb3 f5 22. Bd5+ Kh8 23. a5 Bh5 24. Be6 Nb8 25. Nxb8 Rxb8 26. Bxf5 Be8 27. Nd2 g6 28. Be4 Rcc8 29. b6 axb6 30. axb6 Rd8 31. b7 Bd7 32. Ra8 Kg7 33. Bd5 Kf6 34. Ne4+ Ke7 35. Rb6 Bc7 36. Rba6 1-0

[Event "RUS-chT Blitz (Women)"]
[Site "Sochi"]
[Date "2023.10.17"]
[Round "11.20"]
[White "Yusupova, Adel"]
[Black "Khuzina, Zuleikha"]
[Result "0-1"]
[WhiteElo "1640"]
[BlackElo "1693"]
[PlyCount "110"]
[EventDate "2023.10.17"]
[EventType "team-tourn (blitz)"]
[EventRounds "13"]
[EventCountry "RUS"]
[SourceTitle "CBM 216 Extra"]
[Source "ChessBase"]
[SourceDate "2023.11.30"]
[SourceVersion "1"]
[SourceVersionDate "2023.11.30"]
[SourceQuality "1"]
[WhiteTeam "Bashkortostan (W)"]
[BlackTeam "Tatarstan Ladya (W)"]
[WhiteTeamCountry "RUS"]
[BlackTeamCountry "RUS"]

1. d4 Nf6 2. c4 g6 3. g3 Bg7 4. Bg2 0-0 5. Nf3 d6 6. 0-0 c5 7. Nc3 Nc6 8. d5 Na5 9. Qd3 a6 10. e4 Rb8 11. Rb1 b5 12. b3 b4 13. Ne2 Nxe4 14. Bb2 Bf5 15. Qe3 Nc3 16. Bxc3 bxc3 17. Rbc1 c2 18. Nh4 e6 19. Nxf5 exf5 20. Rxc2 Nb7 21. h4 Qf6 22. Nf4 Qd4 23. Qxd4 Bxd4 24. Re1 Rbe8 25. Rce2 Rxe2 26. Rxe2 Bf6 27. Nd3 a5 28. a3 a4 29. bxa4 Na5 30. Rc2 Rb8 31. Nc1 Rb1 32. Bf1 Ra1 33. Kg2 Rxa3 34. Ne2 Rxa4 35. Nf4 Nb3 36. Kg1 Nd4 37. Rc1 Ra2 38. Kg2 Be5 39. Nd3 Bf6 40. Nf4 Kg7 41. Nd3 Nb3 42. Rd1 Bd4 43. Kg1 Rd2 44. Rxd2 Nxd2 45. Nf4 Ne4 46. Kg2 Nxf2 47. Be2 Ne4 48. Kf3 Nd2+ 49. Kg2 h6 50. Nh3 Be3 51. Bd3 Kf6 52. Nf2 Ke5 53. Nd1 Kd4 54. Be2 f4 55. gxf4 Bxf4 0-1

[Event "RUS-chT Blitz (Women)"]
[Site "Sochi"]
[Date "2023.10.17"]
[Round "9.16"]
[White "Yusupova, Adel"]
[Black "Timofeeva, Ekaterina"]
[Result "0-1"]
[WhiteElo "1640"]
[BlackElo "2294"]
[PlyCount "70"]
[EventDate "2023.10.17"]
[EventType "team-tourn (blitz)"]
[EventRounds "13"]
[EventCountry "RUS"]
[SourceTitle "CBM 216 Extra"]
[Source "ChessBase"]
[SourceDate "2023.11.30"]
[SourceVersion "1"]
[SourceVersionDate "2023.11.30"]
[SourceQuality "1"]
[WhiteTeam "Bashkortostan (W)"]
[BlackTeam "Novosibirsk Region (W)"]
[WhiteTeamCountry "RUS"]
[BlackTeamCountry "RUS"]

1. d4 d6 2. c4 e5 3. e3 Nd7 4. Nc3 g6 5. g3 Bg7 6. Bg2 f5 7. Nge2 Ngf6 8. 0-0 0-0 9. Nd5 e4 10. Nec3 c6 11. Nxf6+ Qxf6 12. Bd2 Kh8 13. b4 g5 14. a4 a5 15. b5 Nb6 16. Qb3 c5 17. dxc5 dxc5 18. Nd5 Nxd5 19. cxd5 b6 20. Rac1 Bb7 21. Bc3 Qd6 22. Bxg7+ Kxg7 23. Rfd1 Rad8 24. Rd2 Qe5 25. Rcd1 Rd6 26. f3 Rfd8 27. f4 gxf4 28. gxf4 Qf6 29. Kh1 Rxd5 30. Rxd5 Rxd5 31. Rg1 Kf7 32. Bf1 Ke7 33. Bc4 Rd2 34. Bf1 Qh6 35. h3 Bd5 0-1

[Event "Ufa Penzina Memorial"]
[Site "Ufa"]
[Date "2023.08.07"]
[Round "2"]
[White "Yusupova, Adel"]
[Black "Osmanova, Alina"]
[Result "1-0"]
[WhiteElo "1635"]
[BlackElo "1191"]
[PlyCount "69"]
[EventDate "2023.08.06"]
[EventType "swiss"]
[EventRounds "9"]
[EventCountry "RUS"]
[SourceTitle "CBM 215 Extra"]
[Source "ChessBase"]
[SourceDate "2023.09.30"]
[SourceVersion "1"]
[SourceVersionDate "2023.09.30"]
[SourceQuality "1"]

1. d4 d5 2. c4 e6 3. Nf3 c6 4. Qc2 Nf6 5. g3 g6 6. Bg2 Bg7 7. 0-0 0-0 8. Rd1 Ne4 9. Nbd2 f5 10. Nxe4 fxe4 11. Ne5 Nd7 12. Nxd7 Bxd7 13. Bf4 Qc8 14. Rac1 Re8 15. Qb3 Re7 16. f3 exf3 17. Bxf3 dxc4 18. Qxc4 Be8 19. Bd6 Rd7 20. Be5 Bf7 21. Bg4 Qe8 22. e4 Rad8 23. Bxg7 Kxg7 24. Qc5 a6 25. Qe5+ Kg8 26. Rc3 Qe7 27. Rf3 Qd6 28. Qg5 Qe7 29. Rf6 Kg7 30. Rdf1 Rf8 31. Qe5 Qd6 32. Bxe6 Qxd4+ 33. Qxd4 Rxd4 34. Rxf7+ Rxf7 35. Rxf7+ 1-0

[Event "Satka Autumn op (Women)"]
[Site "Satka"]
[Date "2022.09.01"]
[Round "3"]
[White "Shamsutdinova, Karina"]
[Black "Yusupova, Adel"]
[Result "1-0"]
[WhiteElo "1779"]
[BlackElo "1506"]
[PlyCount "55"]
[EventDate "2022.08.30"]
[EventType "swiss"]
[EventRounds "9"]
[EventCountry "RUS"]
[SourceTitle "CBM 210 Extra"]
[Source "ChessBase"]
[SourceDate "2022.11.30"]
[SourceVersion "1"]
[SourceVersionDate "2022.11.30"]
[SourceQuality "1"]

1. d4 f5 2. Bg5 g6 3. e3 Bg7 4. h4 h6 5. Bf4 d6 6. Nc3 Nf6 7. Bc4 e6 8. Qd2 Qe7 9. 0-0-0 Nc6 10. Nf3 Bd7 11. Rde1 Ne4 12. Nxe4 fxe4 13. Ng1 0-0-0 14. Ne2 e5 15. Bg3 exd4 16. Nxd4 Ne5 17. Bd5 Bf5 18. Qa5 c6 19. Bb3 a6 20. h5 Bg4 21. hxg6 Nxg6 22. f3 Bxd4 23. exd4 Bd7 24. Rxe4 Qf6 25. Rhe1 c5 26. Kb1 cxd4 27. Be6 Ne5 28. Rxe5 1-0